| 000 | 00635nam a2200157Ia 4500 | ||
|---|---|---|---|
| 008 | 100122s9999 xx 000 0 und d | ||
| 082 |
_b61792 _a922.945 |
||
| 100 | _aब्रम्हचारिस्वामी | ||
| 245 | _aसुमनांजलिचा सुवास | ||
| 260 |
_bमहेश शरदच्चंद्र अजिंक्य आणि भक्त परिवार _c1994 |
||
| 300 | _a74 | ||
| 630 | _aसुमनांजलिचा सुवास | ||
| 700 | _aफळणीकर श्रीपाद र | ||
| 730 | _aसुमनांजलिचा सुवास | ||
| 942 | _cBOOK | ||
| 999 |
_c436428 _d436425 |
||